| 000 | 01171cad a22002295a 4500 | ||
|---|---|---|---|
| 001 | E149650 | ||
| 008 | 100331s2010 xxkad f s 000 0 eng d | ||
| 035 | _a(Sirsi) u149650 | ||
| 041 | 0 | _aeng | |
| 050 | 0 | 4 | _a333.33 $2 18 |
| 110 | 2 |
_aColliers CRE _95075 |
|
| 245 | 0 | 0 |
_aRetail trends & opportunities _bUSA, 2010 _h[electronic resource] |
| 260 |
_a[S.l.] _bColliers _c2010 |
||
| 490 | 0 |
_aColliers Retail Trends and Opportunities _v2010 |
|
| 520 | _aSuggests that consumer confidence is improving, however the expected minimal growth in employment in 2010 will hold back confidence to some extent. Predicts that the leasing market will improve in 2010 and that investment activity will also rise. Most activity is concentrated in top quality locations. | ||
| 590 | _aKA | ||
| 650 | 2 | 4 | _aCOLLIERS RETAIL TRENDS AND OPPORTUNITIES |
| 651 | 4 |
_aUnited States _y1959- |
|
| 690 | _aPROPERTY-COMMERCIAL PROPERTY-COMMERCIAL PROPERTY MARKET | ||
| 856 | 4 | 0 |
_uhttps://www.colliers.com/Content/Repositories/Base/Markets/USA/English/Market_Report/PDFs/Colliers_USARetailTrendsOpportunities2010_final.pdf _zView the report free of charge (PDF file) at www.colliers.com |
| 942 | _n0 | ||
| 999 |
_c110579 _d110579 |
||